The complete works of the Gawain-poet. (Record no. 127817)
[ view plain ]
| 000 -LEADER | |
|---|---|
| fixed length control field | 01643cam a22003731 4500 |
| 001 - CONTROL NUMBER | |
| control field | 2168443 |
| 003 - CONTROL NUMBER IDENTIFIER | |
| control field | ARRUPE |
| 005 - DATE AND TIME OF LATEST TRANSACTION | |
| control field | 20180327102937.0 |
| 008 - FIXED-LENGTH DATA ELEMENTS--GENERAL INFORMATION | |
| fixed length control field | 711216s1965 ilua 000 0 eng |
| 010 ## - LIBRARY OF CONGRESS CONTROL NUMBER | |
| LC control number | 65017291 |
| 040 ## - CATALOGING SOURCE | |
| Original cataloging agency | DLC |
| Transcribing agency | DLC |
| Modifying agency | DLC |
| 041 1# - LANGUAGE CODE | |
| Language code of text/sound track or separate title | eng |
| Language code of original and/or intermediate translations of text | enm |
| 050 00 - LIBRARY OF CONGRESS CALL NUMBER | |
| Classification number | PR1203 |
| Item number | .G36 |
| 082 00 - DEWEY DECIMAL CLASSIFICATION NUMBER | |
| Classification number | 821/.1 |
| Edition number | 19 |
| 300 ## - PHYSICAL DESCRIPTION | |
| Dimensions | 25 cm. |
| 245 14 - TITLE STATEMENT | |
| Title | The complete works of the Gawain-poet. |
| Remainder of title | In a modern English version with a critical introd. by John Gardner. |
| Statement of responsibility, etc | Gawain and the Green Knight, Woodcuts by Fritz Kredel. |
| 260 ## - PUBLICATION, DISTRIBUTION, ETC. (IMPRINT) | |
| Place of publication, distribution, etc | Chicago, |
| Name of publisher, distributor, etc | University of Chicago Press |
| Date of publication, distribution, etc | 1965 |
| 300 ## - PHYSICAL DESCRIPTION | |
| Extent | xii, 347 p. |
| 505 0# - FORMATTED CONTENTS NOTE | |
| Formatted contents note | Introduction and commentary.--The poems: Pearl. Purity. Patience. Sir Gawain and the Green Knight. St. Erkenwald.--Notes. |
| 650 #0 - SUBJECT ADDED ENTRY--TOPICAL TERM | |
| Topical term or geographic name as entry element | English poetry |
| Chronological subdivision | Middle English, 1100-1500 |
| Form subdivision | Modernized versions. |
| 9 (RLIN) | 41109 |
| 650 #0 - SUBJECT ADDED ENTRY--TOPICAL TERM | |
| Topical term or geographic name as entry element | Manuscripts, English (Middle) |
| Geographic subdivision | England |
| -- | West Midlands. |
| 9 (RLIN) | 41110 |
| 650 #0 - SUBJECT ADDED ENTRY--TOPICAL TERM | |
| Topical term or geographic name as entry element | Knights and knighthood |
| Form subdivision | Poetry. |
| 9 (RLIN) | 41111 |
| 650 #0 - SUBJECT ADDED ENTRY--TOPICAL TERM | |
| Topical term or geographic name as entry element | Arthurian romances. |
| 9 (RLIN) | 41112 |
| 650 #0 - SUBJECT ADDED ENTRY--TOPICAL TERM | |
| Topical term or geographic name as entry element | Romances, English. |
| 9 (RLIN) | 41113 |
| 906 ## - LOCAL DATA ELEMENT F, LDF (RLIN) | |
| a | 7 |
| b | cbc |
| c | orignew |
| d | u |
| e | ocip |
| f | 19 |
| g | y-gencatlg |
| 942 ## - ADDED ENTRY ELEMENTS (KOHA) | |
| Source of classification or shelving scheme | Library of Congress Classification |
| Koha item type | Monograph ( Printed materials) |
| Withdrawn status | Lost status | Source of classification or shelving scheme | Damaged status | Not for loan | Collection code | Home library | Current library | Shelving location | Date acquired | Total Checkouts | Full call number | Barcode | Date last seen | Price effective from | Koha item type |
|---|---|---|---|---|---|---|---|---|---|---|---|---|---|---|---|
| Library of Congress Classification | Main Collection | ARRUPE LIBRARY | ARRUPE LIBRARY | Main Collection | 27/03/2018 | PR1203 .G36 | 46600001946 | 27/03/2018 | 27/03/2018 | Monograph ( Printed materials) |